Deutsche Landkreise und kreisfreie Städte nach Grenzen - Statistiken

Allgemein
  • Dieses Quiz wurde 286 mal gespielt
  • Das Durchschnittsergebnis liegt bei 340 aus 400
Antworten auf der Karte
Die Antworten werden auf der Karte rot bzw. grün angezeigt, abhängig davon wie oft sie richtig erraten wurden.
 
Antwortstatistiken
Land Art Landkreis / Kreisfreie Stadt % Korrekt
BW LK Böblingen
97%
HE S Frankfurt am Main
97%
HE LK Groß-Gerau
97%
HE LK Hochtaunuskreis
97%
BW LK Ludwigsburg
97%
HE LK Main-Kinzig-Kreis
97%
BB LK Märkisch-Oderland
97%
BB LK Oder-Spree
97%
HE LK Offenbach
97%
HE S Offenbach am Main
97%
RP LK Rhein-Lahn-Kreis
97%
BY LK Bad Tölz-Wolfratshausen
96%
BY LK Bayreuth
96%
BE S Berlin
96%
BY LK Ebersberg
96%
BB LK Havelland
96%
SH LK Herzogtum Lauenburg
96%
HE LK Main-Taunus-Kreis
96%
BY LK Miesbach
96%
BY LK München
96%
BB S Potsdam
96%
BY LK Rosenheim
96%
SH LK Stormarn
96%
BB LK Teltow-Fläming
96%
NI LK Verden
96%
NI LK Wesermarsch
96%
HE LK Wetteraukreis
96%
BY LK Amberg-Sulzbach
95%
HB S Bremen
95%
NI S Delmenhorst
95%
NI LK Diepholz
95%
BY LK Erding
95%
BY LK Freising
95%
NI LK Heidekreis
95%
ST LK Jerichower Land
95%
NI LK Nienburg (Weser)
95%
NI LK Osterholz
95%
BB LK Potsdam-Mittelmark
95%
SH LK Rendsburg-Eckernförde
95%
HE LK Rheingau-Taunus-Kreis
95%
RP LK Rhein-Hunsrück-Kreis
95%
NI LK Stade
95%
TH LK Weimarer Land
95%
BB LK Barnim
94%
ST LK Burgenlandkreis
94%
NI LK Celle
94%
BB LK Dahme-Spreewald
94%
BY LK Erlangen-Höchstadt
94%
BW LK Esslingen
94%
BY LK Fürstenfeldbruck
94%
HH S Hamburg
94%
NI LK Harburg
94%
RP S Mainz
94%
RP LK Mainz-Bingen
94%
BB LK Oberhavel
94%
SH LK Pinneberg
94%
NW LK Recklinghausen
94%
BW LK Rems-Murr-Kreis
94%
SH LK Segeberg
94%
NI LK Region Hannover
94%
BY LK Starnberg
94%
TH LK Altenburger Land
93%
BW S Freiburg im Breisgau
93%
BY LK Fürth
93%
SN LK Leipzig
93%
NW LK Mettmann
93%
SN LK Mittelsachsen
93%
BY LK Neumarkt in der Oberpfalz
93%
BY LK Nürnberger Land
93%
SH LK Plön
93%
ST LK Saalekreis
93%
SL LK Saarpfalz-Kreis
93%
NW LK Steinfurt
93%
BW S Stuttgart
93%
BY LK Unterallgäu
93%
HE S Wiesbaden
93%
RP LK Alzey-Worms
92%
RP LK Bad Kreuznach
92%
SN LK Bautzen
92%
NW S Bochum
92%
BW LK Bodenseekreis
92%
ST LK Börde
92%
BY LK Dachau
92%
BY LK Deggendorf
92%
SH LK Dithmarschen
92%
BY LK Donau-Ries
92%
SN S Dresden
92%
NW LK Ennepe-Ruhr-Kreis
92%
BB S Frankfurt (Oder)
92%
NI LK Gifhorn
92%
BW LK Heilbronn
92%
NI LK Hildesheim
92%
TH LK Ilm-Kreis
92%
BW LK Karlsruhe
92%
HE LK Kassel
92%
SH S Kiel
92%
MV LK Ludwigslust-Parchim
92%
SN LK Meißen
92%
BY S München
92%
SH LK Nordfriesland
92%
SN LK Nordsachsen
92%
MV LK Nordwestmecklenburg
92%
BY S Nürnberg
92%
BY LK Ostallgäu
92%
NW LK Rhein-Erft-Kreis
92%
NW LK Rhein-Kreis Neuss
92%
BW LK Rhein-Neckar-Kreis
92%
RP LK Rhein-Pfalz-Kreis
92%
NW LK Rhein-Sieg-Kreis
92%
BY LK Roth
92%
SN LK Sächsische Schweiz- Osterzgebirge
92%
SH LK Schleswig-Flensburg
92%
BW LK Sigmaringen
92%
NW LK Warendorf
92%
HE LK Werra-Meißner-Kreis
92%
BW LK Alb-Donau-Kreis
91%
BY LK Augsburg
91%
BW LK Calw
91%
NW LK Coesfeld
91%
TH S Erfurt
91%
BY S Erlangen
91%
BY LK Forchheim
91%
NW S Köln
91%
BW LK Konstanz
91%
MV LK Mecklenburgische Seenplatte
91%
BY LK Neustadt an der Aisch- Bad Windsheim
91%
NI LK Peine
91%
NW LK Rheinisch-Bergischer Kreis
91%
ST LK Salzlandkreis
91%
HE LK Schwalm-Eder-Kreis
91%
ST LK Anhalt-Bitterfeld
90%
BY LK Bamberg
90%
NW S Duisburg
90%
BW LK Emmendingen
90%
BY LK Freyung-Grafenau
90%
BY S Fürth
90%
NW S Gelsenkirchen
90%
TH LK Gotha
90%
NI LK Göttingen
90%
TH LK Greiz
90%
BY LK Günzburg
90%
NI LK Helmstedt
90%
NW LK Höxter
90%
SN S Leipzig
90%
NW S Leverkusen
90%
ST S Magdeburg
90%
BW S Mannheim
90%
NI LK Northeim
90%
BW LK Rastatt
90%
MV LK Rostock
90%
TH LK Saale-Holzland-Kreis
90%
SL LK Saarlouis
90%
NI LK Schaumburg
90%
TH LK Sömmerda
90%
BY LK Straubing-Bogen
90%
MV LK Vorpommern-Rügen
90%
HE LK Waldeck-Frankenberg
90%
ST LK Wittenberg
90%
NI LK Wolfenbüttel
90%
HE LK Bergstraße
89%
NW S Dortmund
89%
NW LK Gütersloh
89%
HE S Kassel
89%
BY LK Kitzingen
89%
BY LK Landsberg am Lech
89%
BY LK Neu-Ulm
89%
BY LK Rottal-Inn
89%
BY S Schwabach
89%
SL LK Regionalverband Saarbrücken
89%
NW LK Unna
89%
RP LK Ahrweiler
88%
NW S Bottrop
88%
BW LK Enzkreis
88%
RP LK Germersheim
88%
NI LK Lüneburg
88%
BY LK Main-Spessart
88%
BY LK Neustadt an der Waldnaab
88%
NW S Oberhausen
88%
BW S Pforzheim
88%
NI S Salzgitter
88%
BY LK Schwandorf
88%
BW LK Schwarzwald-Baar-Kreis
88%
BY LK Schweinfurt
88%
BB LK Spree-Neiße
88%
RP LK Vulkaneifel
88%
RP LK Westerwaldkreis
88%
SN LK Zwickau
88%
BY LK Aichach-Friedberg
87%
NI LK Ammerland
87%
BY LK Ansbach
87%
BY LK Aschaffenburg
87%
RP LK Bad Dürkheim
87%
RP LK Bernkastel-Wittlich
87%
BB S Brandenburg an der Havel
87%
SN S Chemnitz
87%
NI LK Cloppenburg
87%
RP LK Cochem-Zell
87%
NI LK Cuxhaven
87%
BY LK Dillingen an der Donau
87%
NW LK Düren
87%
NW S Düsseldorf
87%
SN LK Erzgebirgskreis
87%
NW S Essen
87%
NI LK Hameln-Pyrmont
87%
BW S Heidelberg
87%
NW LK Heinsberg
87%
NW LK Herford
87%
BY LK Hof
87%
TH S Jena
87%
BY LK Landshut
87%
NI LK Leer
87%
NW LK Lippe
87%
RP LK Mayen-Koblenz
87%
NW S Mülheim an der Ruhr
87%
NI LK Osnabrück
87%
BW LK Schwäbisch Hall
87%
BW LK Tuttlingen
87%
BW S Ulm
87%
HE LK Vogelsbergkreis
87%
SN LK Vogtlandkreis
87%
NW LK Wesel
87%
BY LK Würzburg
87%
BW LK Biberach
86%
HE LK Darmstadt-Dieburg
86%
NW LK Euskirchen
86%
NW S Hagen
86%
BW LK Main-Tauber-Kreis
86%
SL LK Merzig-Wadern
86%
NW S Münster
86%
BY LK Passau
86%
NI LK Rotenburg (Wümme)
86%
SL LK St. Wendel
86%
NI LK Emsland
85%
NI LK Goslar
85%
BY LK Haßberge
85%
BY LK Kronach
85%
BY LK Kulmbach
85%
BY LK Lichtenfels
85%
HE LK Marburg-Biedenkopf
85%
BW LK Ravensburg
85%
BY LK Regen
85%
BY LK Regensburg
85%
NW LK Städteregion Aachen
85%
RP LK Südwestpfalz
85%
BY LK Tirschenreuth
85%
RP LK Trier-Saarburg
85%
BY LK Wunsiedel im Fichtelgebirge
85%
RP LK Birkenfeld
84%
NI S Braunschweig
84%
RP LK Eifelkreis Bitburg-Prüm
84%
RP S Frankenthal (Pfalz)
84%
RP S Ludwigshafen am Rhein
84%
BY LK Miltenberg
84%
RP LK Neuwied
84%
TH LK Nordhausen
84%
BY S Passau
84%
BW LK Reutlingen
84%
MV S Schwerin
84%
NI LK Vechta
84%
BY S Augsburg
83%
HE LK Gießen
83%
BW S Karlsruhe
83%
RP S Koblenz
83%
HE LK Lahn-Dill-Kreis
83%
NI LK Lüchow-Dannenberg
83%
SH LK Ostholstein
83%
TH LK Saale-Orla-Kreis
83%
RP S Speyer
83%
NI LK Aurich
82%
BY LK Bad Kissingen
82%
NW S Bielefeld
82%
HB S Bremerhaven
82%
BY LK Coburg
82%
BB S Cottbus
82%
HE S Darmstadt
82%
RP LK Donnersbergkreis
82%
TH LK Eichsfeld
82%
TH S Gera
82%
NW S Krefeld
82%
BY LK Lindau (Bodensee)
82%
SH S Lübeck
82%
NW LK Minden-Lübbecke
82%
NI LK Oldenburg
82%
BY LK Rhön-Grabfeld
82%
NW LK Soest
82%
RP S Trier
82%
NW LK Viersen
82%
NI LK Wittmund
82%
BW LK Zollernalbkreis
82%
RP LK Altenkirchen (Westerwald)
81%
BW S Baden-Baden
81%
BY LK Cham
81%
ST S Halle (Saale)
81%
RP LK Kusel
81%
BW LK Tübingen
81%
BY LK Mühldorf am Inn
80%
TH LK Schmalkalden-Meiningen
80%
NW LK Siegen-Wittgenstein
80%
BY LK Traunstein
80%
MV LK Vorpommern-Greifswald
80%
NI S Wolfsburg
80%
BW LK Breisgau-Hochschwarzwald
79%
BY LK Dingolfing-Landau
79%
BY LK Eichstätt
79%
SH S Flensburg
79%
HE LK Fulda
79%
TH LK Hildburghausen
79%
BY LK Kelheim
79%
NW LK Paderborn
79%
BY LK Pfaffenhofen an der Ilm
79%
NI LK Uelzen
79%
TH LK Wartburgkreis
79%
BY S Würzburg
79%
BW LK Göppingen
78%
NW S Herne
78%
RP LK Kaiserslautern
78%
BW LK Lörrach
78%
NI S Oldenburg
78%
NI S Osnabrück
78%
BW LK Ostalbkreis
78%
BW LK Waldshut
78%
BY S Aschaffenburg
77%
NI S Emden
77%
NI LK Friesland
77%
NW LK Hochsauerlandkreis
77%
NW S Mönchengladbach
77%
BY LK Oberallgäu
77%
HE LK Odenwaldkreis
77%
TH LK Saalfeld-Rudolstadt
77%
RP LK Südliche Weinstraße
77%
BY LK Weilheim-Schongau
77%
BY S Bayreuth
76%
NW S Bonn
76%
NW LK Borken
76%
BW LK Freudenstadt
76%
BY LK Garmisch-Partenkirchen
76%
SN LK Görlitz
76%
HE LK Hersfeld-Rotenburg
76%
RP S Kaiserslautern
76%
BW LK Neckar-Odenwald-Kreis
76%
BY LK Neuburg-Schrobenhausen
76%
NW LK Oberbergischer Kreis
76%
SH LK Steinburg
76%
BB LK Uckermark
76%
ST LK Harz
75%
BY S Ingolstadt
75%
ST LK Stendal
75%
BY S Bamberg
74%
ST S Dessau-Roßlau
74%
BW LK Hohenlohekreis
74%
SL LK Neunkirchen
74%
BB LK Prignitz
74%
ST LK Altmarkkreis Salzwedel
73%
BY LK Berchtesgadener Land
73%
NW LK Märkischer Kreis
73%
NW S Hamm
72%
BB LK Ostprignitz-Ruppin
72%
BW LK Heidenheim
71%
BY S Hof
71%
NI LK Holzminden
71%
BY S Kempten (Allgäu)
71%
NW LK Kleve
71%
HE LK Limburg-Weilburg
71%
BY S Memmingen
71%
NW LK Olpe
71%
TH LK Sonneberg
71%
BY LK Weißenburg-Gunzenhausen
71%
BW LK Ortenaukreis
70%
NW S Solingen
70%
TH LK Unstrut-Hainich-Kreis
70%
NW S Wuppertal
70%
TH LK Kyffhäuserkreis
69%
ST LK Mansfeld-Südharz
69%
SH S Neumünster
69%
BY S Regensburg
69%
NW S Remscheid
69%
BW S Heilbronn
68%
RP S Landau in der Pfalz
68%
MV S Rostock
68%
TH S Suhl
68%
BY S Weiden in der Oberpfalz
68%
TH S Weimar
68%
BW LK Rottweil
67%
BY S Ansbach
66%
NI LK Grafschaft Bentheim
66%
NI S Wilhelmshaven
66%
RP S Neustadt an der Weinstraße
65%
BY S Coburg
63%
BB LK Elbe-Elster
63%
BY S Amberg
61%
BY S Kaufbeuren
61%
BY S Landshut
61%
RP S Worms
61%
BY S Rosenheim
60%
BB LK Oberspreewald-Lausitz
59%
RP S Pirmasens
59%
BY S Schweinfurt
57%
BY LK Altötting
56%
BY S Straubing
54%
RP S Zweibrücken
49%
Keine übereinstimmenden Quizze gefunden
Verteilung der Resultate
Anzahl Personen mit jedem Resultat
Perzentil nach korrekt beantworteten Fragen
Ihre Resultats-Entwicklung
Sie haben dieses Quiz noch nicht gespielt